[Event "Oberliga Ost-A 2223"]
[Site "Germany"]
[Date "2022.11.27"]
[Round "5.5"]
[White "Paul, Johannes"]
[Black "Kyas, Juergen"]
[Result "1-0"]
[WhiteElo "2316"]
[BlackElo "2182"]
[PlyCount "79"]
[EventDate "2022.09.18"]
[EventType "team-tourn"]
[EventRounds "11"]
[EventCountry "GER"]
[SourceTitle "EXT 2025"]
[Source "ChessBase"]
[SourceDate "2024.10.14"]
[SourceVersion "1"]
[SourceVersionDate "2024.10.14"]
[SourceQuality "1"]
[WhiteTeam "Magdeburg Aufbau Elbe"]
[BlackTeam "Reichenbrand Eiche"]
[WhiteTeamCountry "GER"]
[BlackTeamCountry "GER"]

1. c4 c5 2. Nf3 g6 3. d4 cxd4 4. Nxd4 Nc6 5. e4 Nf6 6. Nc3 d6 7. Be2 Nxd4 8. Qxd4 Bg7 9. Be3 0-0 10. Qd2 a5 11. f3 a4 12. Rc1 Qa5 13. Kf2 Rd8 14. Rhd1 Bd7 15. g4 Bc6 16. Nd5 Qxd2 17. Rxd2 Kf8 18. Nb6 Rab8 19. b4 axb3 20. axb3 Nd7 21. Ra2 Nxb6 22. Bxb6 Rdc8 23. h4 Ra8 24. Rcc2 e6 25. Ke3 d5 26. c5 dxe4 27. fxe4 Ke7 28. Bc7 f5 29. Bd6+ Kd7 30. e5 fxg4 31. Bxg4 Bd5 32. Bf3 Bh6+ 33. Ke2 Kc6 34. b4 Bxf3+ 35. Kxf3 Kb5 36. Ke4 Ra6 37. Rxa6 Kxa6 38. Ra2+ Kb5 39. Ra7 Kc6 40. Ra5 1-0

[Event "Oberliga Ost-A 2223"]
[Site "Germany"]
[Date "2022.10.23"]
[Round "3.5"]
[White "Heinz, Thomas"]
[Black "Paul, Johannes"]
[Result "0-1"]
[WhiteElo "2124"]
[BlackElo "2306"]
[PlyCount "96"]
[EventDate "2022.09.18"]
[EventType "team-tourn"]
[EventRounds "11"]
[EventCountry "GER"]
[SourceTitle "EXT 2025"]
[Source "ChessBase"]
[SourceDate "2024.10.14"]
[SourceVersion "1"]
[SourceVersionDate "2024.10.14"]
[SourceQuality "1"]
[WhiteTeam "Aue Nickelhuette II"]
[BlackTeam "Magdeburg Aufbau Elbe"]
[WhiteTeamCountry "GER"]
[BlackTeamCountry "GER"]

1. e4 c5 2. Nc3 Nc6 3. g3 g6 4. Bg2 Bg7 5. Nf3 e5 6. 0-0 Nge7 7. d3 0-0 8. Nh4 d6 9. Be3 Nd4 10. Ne2 d5 11. c3 Nxe2+ 12. Qxe2 d4 13. Bc1 Nc6 14. c4 a6 15. f4 exf4 16. Nf3 fxg3 17. hxg3 Bg4 18. a3 Ne5 19. Qc2 Qd7 20. Bf4 Nxf3+ 21. Bxf3 Bxf3 22. Rxf3 f5 23. exf5 Rxf5 24. Raf1 g5 25. Bc1 Rxf3 26. Rxf3 Re8 27. Qf2 Qg4 28. b4 b6 29. bxc5 bxc5 30. Bd2 h5 31. Qg2 Be5 32. Rf1 Qxg3 33. Bxg5 Qxg2+ 34. Kxg2 Kg7 35. Rb1 Kg6 36. Bh4 Re6 37. Kf3 Bf6 38. Bf2 Bg5 39. Rb8 Rf6+ 40. Kg2 h4 41. Rh8 Rf4 42. Be1 Kf5 43. Rc8 Kg4 44. Rxc5 h3+ 45. Kg1 Rf3 46. Rc8 Rxd3 47. Re8 Re3 48. Rxe3 Bxe3+ 0-1

[Event "Oberliga Ost-A 2223"]
[Site "Germany"]
[Date "2022.09.04"]
[Round "1.5"]
[White "Paul, Johannes"]
[Black "Haubold, Christian Lucas"]
[Result "1-0"]
[WhiteElo "2304"]
[BlackElo "1935"]
[PlyCount "79"]
[EventDate "2022.09.18"]
[EventType "team-tourn"]
[EventRounds "11"]
[EventCountry "GER"]
[SourceTitle "EXT 2025"]
[Source "ChessBase"]
[SourceDate "2024.10.14"]
[SourceVersion "1"]
[SourceVersionDate "2024.10.14"]
[SourceQuality "1"]
[WhiteTeam "Magdeburg Aufbau Elbe"]
[BlackTeam "Magdeburg USC"]
[WhiteTeamCountry "GER"]
[BlackTeamCountry "GER"]

1. d4 Nf6 2. c4 g6 3. Nc3 Bg7 4. e4 d6 5. Be2 0-0 6. Be3 e5 7. d5 Na6 8. g4 Nc5 9. f3 a5 10. h4 h6 11. Qd2 h5 12. g5 Nfd7 13. 0-0-0 Re8 14. Nh3 Bf8 15. Nb5 c6 16. dxc6 bxc6 17. Nxd6 Re6 18. Nxc8 Qxc8 19. Nf2 Nb6 20. Qc2 Rb8 21. Nd3 Nba4 22. Nxc5 Nxc5 23. Kb1 Qb7 24. Rd2 Qb4 25. Rc1 Ree8 26. Qc3 Na4 27. Qxb4 Bxb4 28. Rd3 Nc5 29. Rdd1 Ba3 30. Rc2 Na4 31. Rdd2 Rb7 32. c5 Reb8 33. b3 Rxb3+ 34. axb3 Rxb3+ 35. Ka2 Rxe3 36. Rd3 Rxd3 37. Bxd3 Nxc5 38. Kxa3 Nxd3 39. Ka4 Ne1 40. Rf2 1-0

[Event "BL2-Nord 2122"]
[Site "Germany"]
[Date "2022.05.01"]
[Round "4.7"]
[White "Meister, Jakob"]
[Black "Paul, Johannes"]
[Result "1/2-1/2"]
[WhiteElo "2418"]
[BlackElo "2278"]
[PlyCount "141"]
[EventDate "2022.03.05"]
[EventType "team-tourn"]
[EventRounds "10"]
[EventCountry "GER"]
[SourceTitle "EXT 2023"]
[Source "ChessBase"]
[SourceDate "2022.10.05"]
[SourceVersion "1"]
[SourceVersionDate "2022.10.05"]
[SourceQuality "1"]
[WhiteTeam "Zehlendorf"]
[BlackTeam "Magdeburg"]
[WhiteTeamCountry "GER"]
[BlackTeamCountry "GER"]

1. d4 Nf6 2. Bf4 g6 3. Nc3 d5 4. Qd2 Bg7 5. Bh6 Bxh6 6. Qxh6 c5 7. dxc5 Qa5 8. e3 Qxc5 9. Bd3 Nc6 10. Nf3 Be6 11. Ng5 0-0-0 12. Nxe6 fxe6 13. Qh3 Qd6 14. 0-0-0 Kb8 15. Nb5 Qd7 16. Nd4 e5 17. Qg3 Qd6 18. Nxc6+ bxc6 19. f3 e4 20. fxe4 Qxg3 21. hxg3 dxe4 22. Be2 Kc7 23. Rd4 Rxd4 24. exd4 Rd8 25. c3 Rd5 26. Kd2 Rg5 27. g4 Kd6 28. Ke3 e5 29. Rh4 Kd5 30. Bd1 h5 31. gxh5 gxh5 32. dxe5 Kxe5 33. Kf2 Rf5+ 34. Ke1 c5 35. Be2 a5 36. a3 Rg5 37. Kf2 Rg8 38. b4 cxb4 39. cxb4 axb4 40. axb4 Rb8 41. b5 Kd4 42. Rh3 Nd5 43. Rb3 h4 44. Ke1 Rb6 45. Bf1 Rf6 46. Be2 Rf7 47. b6 Rb7 48. Kf2 Rxb6 49. Rxb6 Nxb6 50. g3 h3 51. Bf1 e3+ 52. Kf3 h2 53. Kg2 Ke4 54. Be2 Nd5 55. Kxh2 Nc3 56. Bh5 Kd3 57. Kg1 Ne4 58. Bf3 Kd2 59. Bh5 Ng5 60. Kf1 Ne4 61. Kg2 Nd6 62. Kf1 Nf5 63. Kg2 Ke1 64. Bg4 Kd2 65. Bh5 Nd6 66. Kf1 Nf5 67. Kg2 Ng7 68. Bf3 Nf5 69. Bh5 Nxg3 70. Kxg3 e2 71. Bxe2 1/2-1/2

[Event "Sachsen-Anhalt-ch"]
[Site "Magdeburg"]
[Date "2021.10.28"]
[Round "2"]
[White "Paul, Johannes"]
[Black "Hartge, Gedeon"]
[Result "1-0"]
[WhiteElo "2312"]
[BlackElo "2251"]
[PlyCount "77"]
[EventDate "2021.10.28"]
[EventType "swiss"]
[EventRounds "7"]
[EventCountry "GER"]
[SourceTitle "CBM 205 Extra"]
[Source "ChessBase"]
[SourceDate "2022.01.31"]
[SourceVersion "1"]
[SourceVersionDate "2022.01.31"]
[SourceQuality "1"]

1. d4 Nf6 2. c4 c5 3. d5 b5 4. cxb5 a6 5. bxa6 g6 6. Nc3 Bxa6 7. Nf3 Bg7 8. e4 Bxf1 9. Kxf1 d6 10. g3 0-0 11. Kg2 Nbd7 12. a4 Qa5 13. Bd2 Qa6 14. Qc2 Rfc8 15. b3 Ng4 16. Rhb1 Qb7 17. h3 Nge5 18. Ne1 Nb8 19. Nb5 f5 20. Bc3 fxe4 21. Qxe4 Nbd7 22. Nf3 Nf6 23. Qe2 Nxd5 24. Bxe5 Bxe5 25. Ra2 Nb4 26. Rd2 Rf8 27. Re1 c4 28. Qxc4+ Kh8 29. Qe4 Qxe4 30. Rxe4 Nc6 31. Rc2 Ra6 32. Rec4 Na5 33. Rc8 Rxc8 34. Rxc8+ Kg7 35. Nxe5 dxe5 36. b4 Nb3 37. a5 Nxa5 38. bxa5 Rxa5 39. Nc3 1-0

[Event "Sachsen-Anhalt-ch 30th"]
[Site "Magdeburg"]
[Date "2020.10.24"]
[Round "6.1"]
[White "Paul, Johannes"]
[Black "Niering, Martin"]
[Result "0-1"]
[WhiteElo "2361"]
[BlackElo "2172"]
[PlyCount "106"]
[EventDate "2020.10.22"]
[EventType "swiss"]
[EventRounds "7"]
[EventCountry "GER"]
[SourceTitle "EXT 2022"]
[Source "ChessBase"]
[SourceDate "2021.10.06"]
[SourceVersion "1"]
[SourceVersionDate "2021.10.06"]
[SourceQuality "1"]

1. d4 Nf6 2. c4 e6 3. Nc3 c5 4. d5 exd5 5. cxd5 d6 6. e4 g6 7. Nge2 Bg7 8. Ng3 0-0 9. Be2 a6 10. a4 Nbd7 11. 0-0 Re8 12. f3 h5 13. Bg5 Qc7 14. Qd2 Nh7 15. Be3 Ndf6 16. Nh1 Bd7 17. Nf2 Qd8 18. a5 Qe7 19. Ra3 h4 20. Rb1 Rac8 21. Nfd1 Nh5 22. b4 c4 23. b5 axb5 24. Nxb5 Bxb5 25. Rxb5 f5 26. Qb4 Rc7 27. Bxc4 fxe4 28. fxe4 h3 29. Nf2 hxg2 30. Bb6 Rcc8 31. Kxg2 Qg5+ 32. Rg3 Nxg3 33. hxg3 Be5 34. Qb3 Nf6 35. Nh3 Qg4 36. Nf2 Qg5 37. Nh3 Qd2+ 38. Bf2 Nxe4 39. Qd3 Qxd3 40. Bxd3 Nxf2 41. Nxf2 Re7 42. Ng4 Rc3 43. Nxe5 Rxe5 44. Bb1 Rg5 45. Rxb7 Rgxg3+ 46. Kf2 Rb3 47. Re7 Rh3 48. Bxg6 Rb2+ 49. Kg1 Rg3+ 50. Kh1 Rxg6 51. a6 Rb4 52. Re8+ Kg7 53. Re7+ Kh6 0-1

[Event "Erfurt op-A 29th"]
[Site "Erfurt"]
[Date "2019.12.29"]
[Round "6"]
[White "Paul, Johannes"]
[Black "Lagunow, Raphael"]
[Result "0-1"]
[WhiteElo "2374"]
[BlackElo "2424"]
[PlyCount "44"]
[EventDate "2019.12.26"]
[EventType "swiss"]
[EventRounds "8"]
[EventCountry "GER"]
[SourceTitle "CBM 194 Extra"]
[Source "ChessBase"]
[SourceDate "2020.03.31"]
[SourceVersion "1"]
[SourceVersionDate "2020.03.31"]
[SourceQuality "1"]

1. d4 d5 2. c4 e6 3. Nc3 c6 4. e4 dxe4 5. Nxe4 Bb4+ 6. Bd2 Qxd4 7. Bxb4 Qxe4+ 8. Be2 Na6 9. Bd6 Qxg2 10. Qd2 Nf6 11. 0-0-0 Ne4 12. Qd4 Nxd6 13. Nf3 0-0 14. Qxd6 Qxf2 15. Qe7 Qc5 16. Rd6 Qe3+ 17. Kd1 Nc5 18. Rd8 Nd7 19. Rg1 Rxd8 20. Qxd8+ Nf8 21. Qe8 e5 22. Nxe5 Qxe2+ 0-1

[Event "Erfurt op-A 29th"]
[Site "Erfurt"]
[Date "2019.12.26"]
[Round "1"]
[White "Barthel, Ansgar"]
[Black "Paul, Johannes"]
[Result "1/2-1/2"]
[WhiteElo "2052"]
[BlackElo "2374"]
[PlyCount "116"]
[EventDate "2019.12.26"]
[EventType "swiss"]
[EventRounds "8"]
[EventCountry "GER"]
[SourceTitle "CBM 194 Extra"]
[Source "ChessBase"]
[SourceDate "2020.03.31"]
[SourceVersion "1"]
[SourceVersionDate "2020.03.31"]
[SourceQuality "1"]

1. e4 e6 2. d4 d5 3. Nc3 Bb4 4. exd5 exd5 5. Bd3 c6 6. Nge2 Ne7 7. Ng3 Nd7 8. 0-0 0-0 9. Nce2 Re8 10. c3 Bd6 11. Qc2 Nf8 12. Bf4 a5 13. a4 Neg6 14. Bxd6 Qxd6 15. Rfe1 Nh4 16. Rad1 Qf6 17. Nc1 Bg4 18. Be2 Be6 19. Bf1 Bg4 20. Be2 Be6 21. Bf1 Re7 22. Qd2 Rae8 23. Nd3 Bg4 24. Rxe7 Rxe7 25. Re1 Nfg6 26. Rxe7 Qxe7 27. Be2 Bd7 28. Qe3 Qxe3 29. fxe3 f5 30. Nh5 Ne7 31. Ne5 Bc8 32. Nf4 Nhg6 33. Nfxg6 Nxg6 34. Nd3 Kf7 35. b4 axb4 36. cxb4 Kf6 37. Kf2 Ne7 38. a5 g5 39. g3 Ke6 40. Nc5+ Kd6 41. Bd3 h6 42. h4 Ng8 43. hxg5 hxg5 44. Be2 Nf6 45. Bf3 Ne4+ 46. Bxe4 dxe4 47. g4 Kc7 48. gxf5 Bxf5 49. d5 cxd5 50. Nb3 Bd7 51. Nd4 b6 52. axb6+ Kxb6 53. Kg3 Kc7 54. Nb3 Kd6 55. Nd4 Bc8 56. Kf2 Kc7 57. Kg3 Bd7 58. Kf2 Kb6 1/2-1/2

[Event "Sachsen-Anhalt-ch 29th"]
[Site "Magdeburg"]
[Date "2019.11.02"]
[Round "5"]
[White "Zeuner, Ole"]
[Black "Paul, Johannes"]
[Result "0-1"]
[WhiteElo "2006"]
[BlackElo "2364"]
[PlyCount "60"]
[EventDate "2019.10.31"]
[EventType "tourn"]
[EventRounds "7"]
[EventCountry "GER"]
[SourceTitle "EXT 2021"]
[Source "ChessBase"]
[SourceDate "2020.10.23"]
[SourceVersion "1"]
[SourceVersionDate "2020.10.23"]
[SourceQuality "1"]

1. e4 e6 2. d4 d5 3. Nd2 Be7 4. Bd3 c5 5. exd5 Qxd5 6. Ngf3 cxd4 7. 0-0 Nf6 8. Bc4 Qd6 9. Nb3 e5 10. Re1 Nc6 11. h3 0-0 12. Qe2 e4 13. Nfd2 Bf5 14. g4 Bg6 15. g5 e3 16. Nf3 exf2+ 17. Qxf2 Ne4 18. Qh4 Rae8 19. Bf4 Qd7 20. Rad1 h6 21. Bb5 hxg5 22. Nxg5 Bxg5 23. Bxg5 Nxg5 24. Qxg5 Qxh3 25. Bxc6 bxc6 26. Nxd4 Be4 27. Rd2 Bd5 28. Rde2 Qh1+ 29. Kf2 Qh2+ 30. Kf1 Bc4 0-1

[Event "Oberliga Ost-A 1819"]
[Site "Germany"]
[Date "2018.10.21"]
[Round "1.7"]
[White "Kahe, Ralph"]
[Black "Paul, Johannes"]
[Result "0-1"]
[WhiteElo "2168"]
[BlackElo "2361"]
[PlyCount "102"]
[EventDate "2018.10.21"]
[EventType "team-tourn"]
[EventRounds "11"]
[EventCountry "GER"]
[SourceTitle "EXT 2020"]
[Source "ChessBase"]
[SourceDate "2019.10.17"]
[SourceVersion "1"]
[SourceVersionDate "2019.10.17"]
[SourceQuality "1"]
[WhiteTeam "Magdeburg Rochade"]
[BlackTeam "Magdeburg Aufbau Elbe"]
[WhiteTeamCountry "GER"]
[BlackTeamCountry "GER"]

1. g3 c5 2. Bg2 Nf6 3. c4 Nc6 4. Nc3 g6 5. Nf3 Bg7 6. 0-0 d5 7. cxd5 Nxd5 8. Qb3 Nc7 9. Ng5 0-0 10. Qc4 Qd4 11. Qa4 Bd7 12. Qd1 c4 13. Nf3 Qc5 14. d4 cxd3 15. Qxd3 Rfd8 16. Qe3 Qf5 17. Bd2 Ne6 18. Nh4 Qh5 19. Rac1 Ned4 20. Rfe1 Rac8 21. Qg5 Qxg5 22. Bxg5 h6 23. Be3 Bg4 24. Nf3 Nxf3+ 25. exf3 Be6 26. f4 Nd4 27. Bxd4 Bxd4 28. a3 b6 29. Rcd1 Bxc3 30. bxc3 Rxd1 31. Rxd1 Rxc3 32. Ra1 b5 33. Bf1 Bc4 34. Bxc4 Rxc4 35. Rb1 a6 36. Rb3 Kg7 37. Kg2 g5 38. fxg5 hxg5 39. h3 f5 40. Kf3 Kf6 41. Ke3 e5 42. Kd2 Ke6 43. Rd3 f4 44. Rd8 Ra4 45. Rd3 Kf5 46. Kc2 Ke4 47. f3+ Kf5 48. g4+ Ke6 49. Kb3 e4 50. fxe4 Rxe4 51. Rd8 f3 0-1

[Event "Sachsen-Anhalt-ch 28th"]
[Site "Magdeburg"]
[Date "2018.05.12"]
[Round "6.3"]
[White "Hartge, Gedeon"]
[Black "Paul, Johannes"]
[Result "1-0"]
[WhiteElo "2183"]
[BlackElo "2310"]
[PlyCount "67"]
[EventDate "2018.05.10"]
[EventType "tourn"]
[EventRounds "7"]
[EventCountry "GER"]
[SourceTitle "EXT 2019"]
[Source "ChessBase"]
[SourceDate "2018.10.10"]
[SourceVersion "1"]
[SourceVersionDate "2018.10.10"]
[SourceQuality "1"]

1. d4 Nf6 2. c4 e6 3. Nc3 Bb4 4. e3 0-0 5. Nge2 c6 6. a3 Ba5 7. Ng3 d5 8. Qc2 Nbd7 9. Be2 dxc4 10. Bxc4 e5 11. 0-0 exd4 12. exd4 Re8 13. Bg5 Bxc3 14. bxc3 Qa5 15. h4 b6 16. Qd3 b5 17. Ba2 Nd5 18. Rfe1 Rxe1+ 19. Rxe1 Qxc3 20. Re8+ Nf8 21. Qe4 Bb7 22. Bd8 Qa1+ 23. Bb1 Nf6 24. Rxf8+ Kxf8 25. Be7+ Kg8 26. Bxf6 gxf6 27. Qxh7+ Kf8 28. Nf5 Qxb1+ 29. Kh2 Qxf5 30. Qxf5 Ke7 31. Qf4 Bc8 32. Qe4+ Kd6 33. Qe8 Kd5 34. h5 1-0

[Event "Sachsen-Anhalt-ch 28th"]
[Site "Magdeburg"]
[Date "2018.05.11"]
[Round "3.4"]
[White "Paul, Johannes"]
[Black "Goergens, Michael"]
[Result "1-0"]
[WhiteElo "2310"]
[BlackElo "2055"]
[PlyCount "79"]
[EventDate "2018.05.10"]
[EventType "tourn"]
[EventRounds "7"]
[EventCountry "GER"]
[SourceTitle "EXT 2019"]
[Source "ChessBase"]
[SourceDate "2018.10.10"]
[SourceVersion "1"]
[SourceVersionDate "2018.10.10"]
[SourceQuality "1"]

1. d4 d5 2. c4 e6 3. Nc3 Nf6 4. cxd5 exd5 5. Bg5 Be7 6. e3 0-0 7. Bd3 c6 8. Nge2 Nbd7 9. 0-0 Ne8 10. Bf4 Bd6 11. Qc2 g6 12. f3 Bxf4 13. Nxf4 Ndf6 14. Qf2 Ng7 15. h3 Ne6 16. Nxe6 fxe6 17. Rad1 Bd7 18. g4 Rf7 19. e4 dxe4 20. fxe4 Qe7 21. g5 Nh5 22. Qxf7+ Qxf7 23. Rxf7 Kxf7 24. Be2 Rf8 25. Rf1+ Ke7 26. Rxf8 Kxf8 27. Bxh5 gxh5 28. Kg2 Kg7 29. Kg3 h6 30. h4 hxg5 31. hxg5 Kg6 32. Kh4 e5 33. dxe5 Bg4 34. a3 b6 35. Na2 c5 36. Nc3 c4 37. Nd5 Bf3 38. e6 Bxe4 39. e7 Kf7 40. e8Q+ 1-0